| 000 | 00699nab a2200193 4500 | ||
|---|---|---|---|
| 001 | 244442 | ||
| 003 | OSt | ||
| 005 | 20260318105104.0 | ||
| 007 | tu | ||
| 008 | 260318s2020||||||| | ||
| 040 |
_aDE-2950 _cDE-2950 |
||
| 245 | 0 | 0 |
_aVom Sarkophag zum Wohnzimmer _bInterview. Das Kleist Forum in Frankfurt (Oder) feiert seinen 25. Geburtstag. Nach schwieriger Anfangszeit hat es sich als Theaterhaus ohne Ensemble etabliert, meint der künstlerische Leiter Florian Vogel. _cChristina Tilmann |
| 264 | _c2026 | ||
| 653 | _aFrankfurt | ||
| 653 | _aKleistforum | ||
| 653 | _aJubiläum | ||
| 773 | 0 |
_g37. Jahrgang (2026) Nr. 65 vom 18.03.2026 , S. 20 mit Fotos _tMärkische Oderzeitung |
|
| 942 |
_2z _cA |
||
| 999 |
_c374352 _d374352 |
||